[Event "Top 12 FRA-chT 2017"]
[Site "Chartres"]
[Date "2017.05.18"]
[Round "1"]
[White "Marchadour, Emilie"]
[Black "Heinz, Timothee"]
[Result "0-1"]
[WhiteElo "2097"]
[BlackElo "2353"]
[Annotator "TA"]
[PlyCount "68"]
[EventDate "2017.??.??"]
[EventType "team-tourn"]
[EventCountry "FRA"]
[SourceTitle "playchess.com"]
[Source "ChessBase"]
[SourceQuality "1"]
[WhiteTeam "Lisieux"]
[BlackTeam "Strasbourg"]

{[%evp 11,67,9,10,-18,23,0,27,2,1,8,21,21,34,25,45,0,0,2,14,-19,-20,-15,33,35,133,140,131,133,139,114,131,130,189,177,180,183,192,178,186,183,184,169,155,44,69,-990,-988,-965,-966,-950,-901,-2163,-2157,-1787,-1596,-29998,-29999,-29999]} 1. e4 e6 2. d4 d5 3. exd5 exd5 4. Nf3 Bd6 5. Nc3 c6 6. Bd3 Ne7 7. Bd2 {C01: French: Exchange Variation} (7. Ne2 Bf5 8. Bf4 Bxf4 9. Nxf4 Nd7 10. O-O O-O 11. Bxf5 Nxf5 12. Qd3 Nd6 13. Rfe1 Re8 14. Rxe8+ Qxe8 15. Re1 Qf8 16. Nd2 Re8 17. Rxe8 Qxe8 18. Qe2 Qxe2 19. Nxe2 Kf8 20. f3 Ke7 21. Nb1 {½-½ (21) Sermek,D (2535)-Kovacevic,A (2581) Murska Sobota 2008}) 7... Qb6 $146 ({Predecessor:} 7... O-O 8. Qe2 Bf5 9. O-O-O Bxd3 10. Qxd3 Nd7 11. h4 Qc7 12. g4 b5 13. Ng5 Nf6 14. Nh3 Rfe8 {½-½ (33) Branovacki,G (1924)-Cabarkapa,M (2156) Belgrade 2009}) 8. O-O Bg4 9. Re1 {White has an edge.} (9. Na4 $5 {[%cal Ra4b6]} Qc7 10. h3 $14) 9... Nd7 10. Na4 Qc7 (10... Bxf3 $5 11. Nxb6 Bxd1 12. Nxa8 Bh5 $11) 11. h3 Bh5 12. b3 $36 {[%mdl 2048] White has good play.} Nf8 13. c4 {Hoping for cxd5.} Ne6 14. cxd5 Nxd5 15. Nc5 Bxc5 16. dxc5 O-O-O (16... Ndf4 $5 {[%cal Rf4d3]} 17. Be4 O-O $11) 17. Bf5 Ndf4 (17... Rhf8 $14) 18. Qc1 $16 Nd3 19. Bxd3 $1 Rxd3 20. Ne5 Rd5 21. Nc4 $1 Nxc5 (21... Qe7 $16 {was worth a try.}) 22. Qa3 $1 $18 {[%cal Ra3a7]} b6 {[#]} 23. Bf4 $1 {[%cal Rf4c7][%mdl 512]} Qxf4 24. Qxa7 Nd7 {And now ...Qb8 would win.} 25. Qa8+ Kc7 26. Qxh8 {Strongly threatening Qa8.} Rg5 {[%cal Bd5g5,Bg5g2,Bg2h2,Bh2h1][%mdl 32] [#]} 27. Re3 (27. Qxh7 {[#] gets mated.} Rxg2+ $1 {[%mdl 512]} 28. Kxg2 Bf3+ 29. Kf1 Qh2 30. Qxg7 Qxh3+ 31. Kg1 Qh1#) (27. Ne3 $1 $16) 27... Bf3 28. Qa8 $2 {[%mdl 8192]} (28. g4 $14 b5 29. Nd2 Bxg4 30. hxg4) 28... Rxg2+ $19 29. Kf1 Bd5 $1 {[%csl Gg2,LRc4,LRf2][%cal Rf4f2]} 30. Qa7+ Kd8 {[%csl Gg2][%cal Rf4f2]} 31. Re2 Rh2 {[%cal Rh2h1]} 32. Qa8+ Nb8 {[%cal Rh2h1]} 33. Rd2 Rh1+ 34. Ke2 Qf3# {Precision: White = 35%, Black = 56%.} 0-1

[Event "Top 12 FRA-chT 2017"]
[Site "Chartres"]
[Date "2017.05.19"]
[Round "2"]
[White "Navara, David"]
[Black "Flear, Glenn C"]
[Result "1/2-1/2"]
[WhiteElo "2739"]
[BlackElo "2439"]
[Annotator "TA"]
[PlyCount "109"]
[EventDate "2017.??.??"]
[EventType "team-tourn"]
[EventCountry "FRA"]
[SourceTitle "playchess.com"]
[Source "ChessBase"]
[SourceQuality "1"]
[WhiteTeam "Mulhouse Philidor"]
[BlackTeam "Montpellier"]

{[%evp 17,109,-13,0,0,0,0,15,17,16,4,8,8,10,1,22,18,9,10,22,0,0,16,0,0,27,29,41,20,45,44,59,43,39,38,42,50,56,44,79,83,131,101,110,66,68,65,63,65,96,47,38,16,87,66,30,8,19,19,9,8,8,8,8,8,8,8,8,8,8,8,8,8,8,8,8,8,8,8,8,8,8,8,8,8,8,8,8,8,8,8,8,0,8,8]} 1. d4 d5 2. c4 e6 3. Nc3 c6 4. e4 dxe4 5. Nxe4 Bb4+ 6. Bd2 {[%cal Bc1d2,Bd2b4,Bb4f8,Bf8g7][%mdl 32]} Qxd4 7. Bxb4 Qxe4+ 8. Ne2 Na6 {[%cal Bb8a6,Ba6b4,Bb4d3][%mdl 32]} 9. Bf8 Ne7 10. Bxg7 {D31: Queen's Gambit Declined: Semi-Slav without ...Nf6 (+ Marshall Gambit and Noteboom) and Exchange Variation lines without ...Nf6} Nb4 11. Qd6 Nd3+ 12. Kd2 Nf5 13. Qxd3 Qxd3+ 14. Kxd3 Nxg7 15. Kc3 c5 (15... b6 16. g4 Bb7 17. Bg2 O-O-O {½-½ (50) Wojtaszek,R (2733)-Giri,A (2750) Biel 2014}) 16. g3 b6 17. Bg2 Rb8 18. Nf4 $146 (18. Bc6+ {with more complications.} Kd8 19. Rhd1+ Kc7 20. Be4 Ne8 21. Kc2) 18... Bb7 19. Bxb7 Rxb7 20. Rhe1 Kd7 21. Rad1+ Kc8 22. a3 $36 {[%mdl 2048] White has some pressure.} Rd8 23. Rxd8+ Kxd8 $14 {[%mdl 4096] Endgame KRN-KRN} 24. g4 Rd7 25. Nd3 Rd4 26. f3 h5 27. h3 hxg4 28. hxg4 Rd6 29. Rh1 {Threatens to win with Rh7.} f6 30. Rh8+ Ke7 $1 31. b4 cxb4+ $1 32. axb4 e5 33. c5 bxc5 34. bxc5 Ra6 (34... Rd5 $11) 35. Rh7 Kf7 36. Nb4 Ra3+ {The position is equal.} 37. Kc4 Kg6 38. Rxg7+ Kxg7 $11 {KR-KN} 39. c6 Ra1 {[#] White must now prevent ...Kf7.} 40. Nd5 {aiming for c7.} Rc1+ 41. Nc3 Rh1 42. c7 Rh8 43. Kb5 Rc8 44. Kc6 f5 45. gxf5 {[#] Ne4 is the strong threat.} Rxc7+ 46. Kxc7 {KN-KPP} Kf6 47. Kd6 Kxf5 48. Ne2 a5 49. Kc5 a4 50. Kb4 Kg5 $1 51. Kxa4 Kh4 $1 52. Kb4 (52. Kb5 $5 {[%cal Rb5c5]} Kh3 53. Kc6 $11) 52... Kh3 $1 53. Kc4 {White threatens Kd5 and mate.} Kg2 54. Nd4 Kg3 55. Nc6 {Precision: White = 68%, Black = 73%.} 1/2-1/2

[Event "Top 12 FRA-chT 2017"]
[Site "Chartres"]
[Date "2017.05.19"]
[Round "2"]
[White "Li, Chao b"]
[Black "Wojtaszek, Radoslaw"]
[Result "1/2-1/2"]
[WhiteElo "2722"]
[BlackElo "2734"]
[Annotator "TA"]
[PlyCount "63"]
[EventDate "2017.??.??"]
[EventType "team-tourn"]
[EventCountry "FRA"]
[SourceTitle "playchess.com"]
[Source "ChessBase"]
[SourceQuality "1"]
[WhiteTeam "Nice Alekhine"]
[BlackTeam "Clichy"]

{[%evp 9,63,6,20,0,10,0,32,24,20,21,21,11,22,15,26,14,21,10,38,24,20,23,30,29,20,29,33,25,32,32,29,25,32,18,22,16,25,0,7,-33,-29,-33,-43,-47,-49,-42,-20,-23,0,0,0,-47,-49,-48,-45,-45]} 1. d4 Nf6 2. Bf4 e6 3. e3 {[%cal Be2e3,Be3d4][%mdl 32]} b6 4. Nf3 Be7 5. h3 O-O 6. Nbd2 {A47: 1 d4 Nf6 2 Nf3 b6: Torre, London and Colle Systems} c5 7. c3 cxd4 8. exd4 {White is slightly better.} Ba6 9. Bxa6 Nxa6 10. O-O Qc8 11. a4 Nc7 12. Re1 Ncd5 13. Bh2 {[#]} Re8 $146 ({Predecessor:} 13... a6 14. Qe2 {½-½ (41) Wojtaszek,R (2749)-Leko,P (2693) Tallinn 2016}) 14. Qb3 d6 15. Qa3 Rd8 16. c4 {[%cal Bc3c4,Bc4c5][%mdl 32]} Nc7 17. b4 Qb7 18. a5 b5 19. a6 Qc6 20. c5 Rac8 21. Qa5 Ncd5 22. Rac1 {[#] aiming for cxd6.} Qd7 23. Nb3 h6 24. cxd6 Bxd6 25. Ne5 Qe8 26. Nc5 Bc7 27. Qa3 {Threatening Nb7.} Nb6 28. Qa1 Rd5 29. Nb7 Nc4 30. Nxc4 Bxh2+ 31. Kxh2 bxc4 32. Nc5 {Precision: White = 51%, Black = 56%.} 1/2-1/2

[Event "Top 12 FRA-chT 2017"]
[Site "Chartres"]
[Date "2017.05.19"]
[Round "2"]
[White "Kryvoruchko, Yuryi"]
[Black "Solodovnichenko, Yuri"]
[Result "1/2-1/2"]
[WhiteElo "2714"]
[BlackElo "2576"]
[Annotator "TA"]
[PlyCount "110"]
[EventDate "2017.??.??"]
[EventType "team-tourn"]
[EventCountry "FRA"]
[SourceTitle "playchess.com"]
[Source "ChessBase"]
[SourceQuality "1"]
[WhiteTeam "Grasse Echecs"]
[BlackTeam "Vandoeuvre"]

{[%evp 16,110,26,25,33,33,36,41,35,31,14,25,41,39,32,23,16,21,19,0,0,-6,46,43,93,100,105,105,105,98,100,88,83,73,82,54,96,95,110,85,85,40,66,66,66,66,66,66,66,66,66,66,66,66,105,90,91,35,23,18,18,18,18,18,18,18,18,18,27,8,8,8,8,8,8,8,8,8,8,8,8,8,8,0,0,0,0,0,0,0,0,0,39,50,306,306,306]} 1. e4 c5 2. Nf3 e6 3. d4 cxd4 4. Nxd4 Nf6 5. Nc3 d6 6. g4 h6 7. h4 Nc6 8. Rg1 d5 9. exd5 Nxd5 {B81: Sicilian Scheveningen: Keres Attack} 10. Nxd5 exd5 11. Be3 Qxh4 {White is slightly better.} 12. Qf3 Nxd4 13. Bxd4 Qe7+ 14. Be2 Qe4 {[#]} 15. Qxe4+ $146 ({Predecessor:} 15. Qc3 Be6 16. Qd2 Bd6 17. f3 {½-½ (50) Inarkiev,E (2706)-Xu,Y (2443) China 2015}) 15... dxe4 16. O-O-O Bd7 17. Bc4 Bc6 18. Rge1 Be7 (18... h5 $11) 19. Bxg7 $14 Rg8 20. Bxh6 Rxg4 21. Rg1 Rxg1 22. Rxg1 Bf8 23. Rg8 Ke7 24. Bg5+ f6 25. Be3 (25. Bd2 {is interesting.} Kd7 26. Rg6 Be7 27. Rg7 a5 28. Rh7) 25... b6 26. Rh8 Kd7 27. Bf1 Bd5 28. c4 Rc8 29. Rxf8 Rxf8 30. cxd5 {Hoping for Bf4.} Kd6 $1 31. Kd2 Kxd5 32. Bf4 Kd4 33. Ba6 Rg8 34. Ke2 f5 35. a4 Rg1 36. Bd2 (36. b3 $16) 36... Ke5 37. Bc3+ Kf4 $1 38. Be1 Ke5 39. Bc8 Rg8 40. Bc3+ Kf4 41. Bb7 Rg1 42. b4 Rb1 43. Bd5 Rh1 44. a5 bxa5 45. bxa5 {[#] aiming for Bb7.} Rh3 $1 {[%cal Rh3c3]} 46. Bb2 {Threatens to win with a6.} Rd3 $1 {[%cal Rd3d5]} 47. Bc4 Rd6 48. Bc1+ Ke5 49. Be3 Rc6 50. Bb5 Rc2+ 51. Kd1 Rc7 52. a6 f4 53. Bc1 e3 54. fxe3 Rxc1+ $2 {[%mdl 8192] [#]} ({Black should try} 54... fxe3 $14 55. Bxe3 Kd5) 55. Kxc1 $18 fxe3 {[%mdl 32768] Precision: White = 59%, Black = 61%. . An unexpected result.} 1/2-1/2

[Event "Top 12 FRA-chT 2017"]
[Site "Chartres"]
[Date "2017.05.19"]
[Round "2"]
[White "Malakhov, Vladimir"]
[Black "David, Alberto"]
[Result "1-0"]
[WhiteElo "2712"]
[BlackElo "2548"]
[Annotator "TA"]
[PlyCount "64"]
[EventDate "2017.??.??"]
[EventType "team-tourn"]
[EventCountry "FRA"]
[SourceTitle "playchess.com"]
[Source "ChessBase"]
[SourceQuality "1"]
[WhiteTeam "Tremblay-En-France"]
[BlackTeam "Saint Quentin"]

{[%evp 16,64,46,49,53,50,57,37,39,43,53,35,58,54,58,58,65,64,66,58,63,41,56,56,74,94,80,63,74,87,63,70,156,157,163,169,301,286,293,268,610,609,622,473,945,910,1081,1066,1458,1431,29995]} 1. e4 c5 2. Nf3 e6 3. d4 cxd4 4. Nxd4 a6 5. Bd3 Bc5 6. Nb3 Be7 7. O-O d6 8. c4 Nf6 9. Nc3 b6 {B42: Sicilian: Kan Variation: 5 Bd3} 10. Be3 Bb7 11. f3 O-O {White is slightly better.} 12. Qd2 Nbd7 13. Rfd1 Qc7 14. Rac1 {[#]} Rfc8 $146 ({Predecessor:} 14... Rac8 15. Bf1 Rfe8 16. Qf2 Bd8 17. h3 {1-0 (48) Malakhov,V (2699)-Erdos,V (2621) Bol 2014}) 15. Bf1 Rab8 16. Qf2 Qd8 17. Nd4 Kh8 18. b4 {[%cal Bb2b4,Bb4c5][%mdl 32]} Qg8 19. Nb3 g5 20. c5 dxc5 21. bxc5 g4 22. cxb6 gxf3 23. Qxf3 {Threatens to win with Na5.} Ne5 ({Black should play} 23... Qg7 $14) 24. Qf4 $36 {[%mdl 2048] Keeping Black busy.} Ng6 25. Qg3 Rxc3 (25... Bb4 $142 26. Qg5 Qg7) 26. Rxc3 $18 {Black must now prevent Bd4.} Nxe4 {[#]} 27. Qc7 $1 Bf6 $2 (27... Nxc3 28. Qxc3+ f6) 28. Rc2 {White is clearly winning.} Ne5 29. Na5 Nf3+ (29... Bd5 $142 30. Bf4 Nf3+ 31. Kh1 Nd4 32. Rxd4 Bxd4) 30. Kh1 Be5 31. gxf3 Bxc7 32. bxc7 Nd2 {Precision: White = 64%, Black = 33%.} 1-0

[Event "Top 12 FRA-chT 2017"]
[Site "Chartres"]
[Date "2017.05.19"]
[Round "2"]
[White "Bacrot, Etienne"]
[Black "Nataf, Igor-Alexandre"]
[Result "1-0"]
[WhiteElo "2696"]
[BlackElo "2535"]
[Annotator "TA"]
[PlyCount "93"]
[EventDate "2017.??.??"]
[EventType "team-tourn"]
[EventCountry "FRA"]
[SourceTitle "playchess.com"]
[Source "ChessBase"]
[SourceQuality "1"]
[WhiteTeam "Bischwiller"]
[BlackTeam "Strasbourg"]

{[%evp 19,93,2,0,8,14,9,50,43,40,50,54,47,47,32,94,77,95,77,120,77,137,109,178,178,181,165,185,199,233,186,180,143,147,152,146,109,147,178,239,170,268,250,242,292,297,303,241,293,303,297,285,275,250,239,256,113,144,127,261,271,262,255,254,237,502,495,487,479,29983,29984,29984,29985,29985,29986,29985,29985]} 1. Nf3 Nf6 2. g3 g6 3. Bg2 Bg7 4. c4 O-O 5. Nc3 c6 6. e4 d5 {A16: English Opening: 1...Nf6 with ...d5} 7. cxd5 cxd5 8. e5 Ne4 9. O-O (9. d4 Qa5 10. Qb3 Nxc3 11. bxc3 Bf5 12. O-O Nc6 13. Bd2 Rfc8 14. Rfe1 {½-½ (25) Svidler,P (2735)-Radjabov,T (2740) Astrakhan 2010}) 9... Nc6 10. d4 Nxc3 {LiveBook: 3 Games} 11. bxc3 Bg4 12. h3 {[%cal Bh2h3,Bh3h4,Bh4h5][%mdl 32]} Bxf3 13. Qxf3 e6 14. h4 Qc7 $146 15. h5 Rfc8 16. Bg5 b5 ({Black should play} 16... Na5 $14) 17. Rfc1 Rab8 18. Qf4 Rb6 19. Bh3 Nb8 ({Black should try} 19... Na5) 20. a4 a6 (20... bxa4 $16 21. Rxa4 Rb3) 21. axb5 $18 axb5 22. Kg2 Nd7 23. hxg6 $1 fxg6 24. Qh4 Re8 25. Ra3 Bf8 26. Ra2 Nb8 27. Rh1 Rb7 28. Bg4 Qc4 (28... Qf7 $142 29. Ra8 b4) 29. Ra8 Qc6 (29... Qc7 $142 30. Bd2 Qf7) 30. Rha1 Qc7 31. R1a6 Qf7 32. Rxb8 Rbxb8 33. Qh3 $1 b4 34. cxb4 (34. Bxe6 Rxe6 35. Rxe6 b3 $11) 34... Rxb4 35. Bxe6 Rxe6 36. Rxe6 ({Don't take} 36. Qxe6 $6 Qxe6 37. Rxe6 Rxd4) 36... Rxd4 {[#]} 37. Ra6 (37. Rd6 $1 $18 {[%cal Rd6d7][%mdl 512] and the rest is easy.} Qf5 (37... Bxd6 38. exd6) 38. Qxf5 gxf5 39. Rf6) 37... Re4 {[#]} 38. Bf6 $1 d4 (38... Rc4 $16) 39. Qc8 d3 40. Rd6 Rc4 41. Qa8 {Threatens to win with Bg5.} Ra4 $2 (41... Rb4 {was called for.} 42. Rd8 (42. Rxd3 Qb7+ 43. Qxb7 Rxb7 $18) 42... d2) 42. Qxa4 {White wants to mate with Rd7.} Bxd6 43. exd6 {[%cal Be5d6,Bd6d7][%mdl 32] White threatens Qa8+ and mate.} Qxf6 (43... Qd5+ $18 44. Kg1 Qxd6) 44. Qe8+ {White mates.} Kg7 45. d7 Qc6+ 46. f3 Qc2+ 47. Kh3 {Precision: White = 68%, Black = 44%.} 1-0

[Event "Top 12 FRA-chT 2017"]
[Site "Chartres"]
[Date "2017.05.19"]
[Round "2"]
[White "Ragger, Markus"]
[Black "Baklan, Vladimir"]
[Result "1/2-1/2"]
[WhiteElo "2680"]
[BlackElo "2594"]
[Annotator "TA"]
[PlyCount "31"]
[EventDate "2017.??.??"]
[EventType "team-tourn"]
[EventCountry "FRA"]
[SourceTitle "playchess.com"]
[Source "ChessBase"]
[SourceQuality "1"]
[WhiteTeam "Bischwiller"]
[BlackTeam "Strasbourg"]

{[%evp 15,31,58,52,20,29,28,25,33,26,29,20,0,2,-34,0,-28,11,21]} 1. d4 Nf6 2. c4 g6 3. Nc3 Bg7 4. e4 d6 5. Nf3 {[%cal Bg1f3,Bf3e1,Be1d3,Bd3f4][%mdl 32]} O-O 6. Be2 e5 7. O-O c6 8. d5 Na6 9. Ne1 {E94: King's Indian: Classical: 6 Be2 e5 7 0-0: Various Black 7th moves} Nc5 10. f3 cxd5 11. cxd5 {White has an edge.} Nh5 12. Rf2 $146 ({Predecessor:} 12. Be3 a6 13. b4 Nd7 14. Rc1 Nf4 15. Bc4 Nb6 16. Bb3 Bd7 {½-½ (40) Sethuraman,S (2640)-Guseinov,G (2625) Baku 2016}) 12... f5 13. b4 Nd7 14. Nd3 Nf4 15. Be3 Bh6 {[#] White must now prevent ...Nh3+!} 16. Nxf4 1/2-1/2

[Event "Top 12 FRA-chT 2017"]
[Site "Chartres"]
[Date "2017.05.19"]
[Round "2"]
[White "Areshchenko, Alexander"]
[Black "Bailet, Pierre"]
[Result "1-0"]
[WhiteElo "2677"]
[BlackElo "2519"]
[Annotator "TA"]
[PlyCount "43"]
[EventDate "2017.??.??"]
[EventType "team-tourn"]
[EventCountry "FRA"]
[SourceTitle "playchess.com"]
[Source "ChessBase"]
[SourceQuality "1"]
[WhiteTeam "Grasse Echecs"]
[BlackTeam "Vandoeuvre"]

{[%evp 13,43,22,28,21,27,25,11,15,26,24,11,15,17,29,47,53,50,36,39,32,35,34,89,89,89,99,117,102,184,144,944,917]} 1. e4 c5 2. Nf3 Nc6 3. Bb5 g6 4. Bxc6 bxc6 5. O-O Bg7 6. Re1 Nh6 7. c3 O-O 8. h3 {[%cal Bh2h3,Bh3h4][%mdl 32] B31: Sicilian: 2...Nc6 3 Bb5 g6} f5 9. e5 Nf7 10. d3 {The position is equal.} Ba6 11. Bf4 (11. c4 d6 12. e6 Ne5 13. Nc3 Nxf3+ 14. Qxf3 Rb8 15. Re2 Bc8 {½-½ (58) Caruana,F (2817)-Nakamura,H (2793) Saint Louis 2017}) 11... e6 12. h4 $146 ({Predecessor:} 12. Qd2 h6 13. h4 c4 14. dxc4 Bxc4 15. Qe3 Bd5 {½-½ (23) Baklan,V (2621)-David,A (2377) Calimanesti Caciulata 2016}) 12... Rb8 13. b3 Re8 14. c4 d6 {[#] aiming for ...dxe5.} 15. Nc3 dxe5 16. Nxe5 Qxh4 17. g3 Qh3 ({Black should play} 17... Qe7 $14) 18. Nxf7 $16 Kxf7 19. Bxb8 {And now Be5 would win.} Rxb8 20. Rc1 {Qf3 is the strong threat.} Rd8 {[#]} (20... Rf8 $16) 21. Qf3 $1 $18 {[%cal Rf3c6]} Rd6 $2 {[%mdl 8192]} (21... Bc8 $16 22. Qxc6 Kg8 23. Rxe6 Bxe6 24. Qxe6+ Kh8) 22. Ne4 {Precision: White = 100%, Black = 40%.} 1-0

[Event "Top 12 FRA-chT 2017"]
[Site "Chartres"]
[Date "2017.05.19"]
[Round "2"]
[White "Fressinet, Laurent"]
[Black "Rambaldi, Francesco"]
[Result "0-1"]
[WhiteElo "2668"]
[BlackElo "2542"]
[Annotator "TA"]
[PlyCount "202"]
[EventDate "2017.??.??"]
[EventType "team-tourn"]
[EventCountry "FRA"]
[SourceTitle "playchess.com"]
[Source "ChessBase"]
[SourceQuality "1"]
[WhiteTeam "Clichy"]
[BlackTeam "Nice Alekhine"]

{[%evp 24,202,6,-2,7,0,0,0,14,5,16,12,20,19,26,-15,-12,-15,-13,-6,-3,-75,-68,-47,-15,-64,-69,-64,-72,-71,-60,-64,-62,-75,-75,-75,-75,-75,-75,-68,-68,-69,-75,-74,-68,-75,-75,-87,-83,-83,-75,-75,-75,-75,-75,-75,-75,-75,-75,-83,-75,-75,-75,-75,-75,-75,-75,-79,-75,-79,-75,-75,-75,-89,-83,-83,-74,-74,-50,-50,-48,-97,-44,-48,0,-1,-14,-14,0,0,0,0,0,0,0,0,0,0,0,-29,-29,-29,-29,-29,-29,-29,-29,-29,0,0,0,0,0,0,0,0,0,0,0,0,0,0,0,0,0,0,0,0,0,0,0,0,0,0,0,0,0,0,0,0,0,0,0,0,0,-12851,-12851,-12851,-12851,-12851,-12851,-12851,-12851,-12851,-12851,-12851,-29958,-12851,-29970,-12851,-29971,-12851,-29972,-12851,-29972,-12851,-29973,-12851,-29972,-12851,-12851,-12851,-12851,-12851,-12851,-12851,-12851,-12851,-12851,-12851,-29987]} 1. e4 e6 2. d4 d5 3. Nc3 Nf6 4. e5 Nfd7 5. f4 c5 6. Nf3 Nc6 7. Be3 a6 8. Qd2 b5 9. dxc5 Bxc5 10. Bd3 {C11: French: Classical System: 4 e5 and 4 Bg5 dxe4} Qb6 11. Bf2 h6 12. O-O O-O 13. a3 {LiveBook: 4 Games} Ra7 14. Rae1 b4 15. axb4 Qxb4 16. f5 $1 exf5 17. Bxf5 Nb6 {[#]} 18. Bxc8 $146 Rxc8 19. Bxc5 Qxc5+ 20. Qf2 Qxf2+ 21. Rxf2 Re7 22. Rd2 (22. Rfe2 $11 {keeps the balance.}) 22... Nc4 $1 $36 {[%cal Rc4d2][%mdl 2048] White is under pressure.} 23. Rdd1 Nxb2 24. Nxd5 Nxd1 25. Nxe7+ Nxe7 26. Rxd1 $15 {[%mdl 4096] Endgame KRN-KRN} a5 27. Rd7 Nc6 28. Rd3 Nb4 29. Ra3 {[#]} Rc5 $1 30. Nd4 Rxe5 31. g3 Rc5 32. Nb3 Rxc2 33. Rxa5 g6 34. Ra8+ Kg7 35. Rd8 h5 36. Nd4 Rc5 37. Rd7 Kf6 38. Nf3 Nd5 39. h4 Ke6 40. Ra7 f6 41. Ra4 Rc1+ 42. Kf2 Nc3 43. Rb4 Rc2+ 44. Kf1 Ra2 45. Rc4 Nd5 46. Kg1 Kf7 47. Rd4 Ne3 48. Rd2 Ra1+ 49. Kf2 Nf5 (49... Ng4+ {with more complications.} 50. Kg2 Ke6 51. Nd4+ Ke5 52. Nb5 Rc1) 50. Nd4 Nd6 51. Rc2 Ra3 52. Kg2 Rd3 (52... Ne4 $17 53. Rc7+ Kg8) 53. Rc7+ Ke8 54. Ne6 Re3 55. Nf4 Ne4 56. Kh2 Rxg3 {Threatens to win with ...Rg4.} 57. Rc4 Re3 {aiming for ...Nd2.} 58. Nxg6 Re2+ 59. Kh3 Nd2 60. Rc8+ Kd7 (60... Kf7 $5 61. Nf4 $8 Re7 $11) 61. Rc1 (61. Rc5 {feels hotter.} Re3+ 62. Kh2 Ke8 63. Rxh5 Kf7 64. Nf4) 61... Rf2 62. Rc2 Ke8 63. Nf4 Rf3+ 64. Kg2 Rxf4 65. Rxd2 Rxh4 $11 {KR-KR} 66. Ra2 Kf7 67. Ra7+ Kg6 68. Ra8 Rg4+ 69. Kf3 Rb4 70. Kg3 Kg5 71. Rg8+ Kf5 72. Rh8 Rb3+ 73. Kg2 Kg4 74. Rg8+ Kf4 {White must now prevent ...f5.} 75. Rh8 Rg3+ 76. Kf2 Rg5 {Strongly threatening ...Kg4.} 77. Ra8 $1 Rg4 78. Ra4+ Kg5 79. Ra5+ f5 {And now ...h4 would win.} 80. Ra8 Rb4 {Hoping for ...h4.} 81. Kf3 Rb3+ 82. Kf2 Kg4 $2 {[%mdl 8192]} (82... Rd3 $11) 83. Rg8+ $19 Kf4 84. Ra8 $2 {[%mdl 8192]} (84. Kg2 $11) 84... Rb2+ 85. Kg1 Rd2 86. Ra3 Kg4 87. Rb3 f4 {[%cal Bf5f4,Bf4f3][%mdl 32]} 88. Ra3 h4 {[%cal Bh5h4,Bh4h3][%mdl 32]} 89. Rb3 h3 90. Rb8 f3 91. Rg8+ Kf4 92. Rf8+ Ke3 (92... Ke4 $19 93. Re8+ Kd3) 93. Re8+ Kd3 94. Rd8+ Ke2 95. Re8+ Kd1 96. Rf8 Ke2 {Black is clearly winning.} 97. Re8+ Kd1 {( -> ...h2+)} 98. Rf8 Rg2+ 99. Kh1 Rf2 100. Kg1 Ke1 101. Ra8 Rd2 {Precision: White = 76%, Black = 76%.} (101... h2+ $19 102. Kh1 Rd2 103. Ra1+ Rd1 104. Ra8 f2 105. Re8+ Kd2+ 106. Kxh2 f1=Q 107. Rd8+ Ke1 108. Re8+ {[#]} Qe2+ $1 {[%mdl 512]} 109. Rxe2+ Kxe2 110. Kg3 Rd4 111. Kg2 Rd3 112. Kh1 Kf1 113. Kh2 Kf2 114. Kh1 Rh3#) 0-1

[Event "Top 12 FRA-chT 2017"]
[Site "Chartres"]
[Date "2017.05.19"]
[Round "2"]
[White "Van Wely, Loek"]
[Black "Stevic, Hrvoje"]
[Result "1-0"]
[WhiteElo "2663"]
[BlackElo "2600"]
[Annotator "TA"]
[PlyCount "103"]
[EventDate "2017.??.??"]
[EventType "team-tourn"]
[EventCountry "FRA"]
[SourceTitle "playchess.com"]
[Source "ChessBase"]
[SourceQuality "1"]
[WhiteTeam "Clichy"]
[BlackTeam "Nice Alekhine"]

{[%evp 15,103,45,46,25,19,34,42,30,23,32,23,0,0,15,15,2,35,8,20,18,33,45,52,48,43,46,124,52,122,119,125,123,111,115,153,148,146,135,173,177,168,137,153,162,183,189,370,260,320,310,664,632,514,304,342,331,489,289,610,594,726,728,722,802,786,770,716,687,759,732,1883,1883,1883,1563,1071,750,29977,29978,29977,29978,29979,29980,29977,29978,29982,29980,29980,29981,29981,29982]} 1. d4 d5 2. c4 dxc4 3. e4 e5 4. Nf3 Bb4+ 5. Nc3 exd4 6. Nxd4 Ne7 {D20: Queen's Gambit Accepted: 3 e3 and 3 e4} 7. a3 (7. Bxc4 Nbc6 8. Be3 O-O 9. O-O Nxd4 10. Bxd4 Nc6 11. a3 Qxd4 12. Qxd4 Nxd4 13. axb4 Be6 14. Bxe6 Nxe6 {½-½ (25) Svidler,P (2769)-Ponomariov,R (2742) Thessaloniki 2013}) 7... Nbc6 8. axb4 Qxd4 {LiveBook: 4 Games. White is slightly better.} 9. Be3 Qxd1+ 10. Rxd1 Nxb4 11. Nb5 Na6 $1 12. Bxc4 Nc6 13. f4 $146 ({Predecessor:} 13. Bf4 O-O 14. Nxc7 Nxc7 15. Bxc7 {½-½ (31) Parligras,M (2574)-Stevic,H (2606) Tromsoe 2014}) 13... Be6 14. Be2 O-O 15. Kf2 f5 16. exf5 Bxf5 17. g4 $36 {[%mdl 2048] White has good play.} Be4 18. Rhe1 {[%mdl 1024] White has compensation.} Ncb4 19. Bc4+ ({Much worse is} 19. Nxa7 Nc2 $15) 19... Kh8 20. f5 c6 (20... Nc2 $14) 21. Nc3 (21. Nd6 $16 Bd5 22. Bxa6 bxa6 23. Bc5) 21... Bd5 ({Black should try} 21... b5 $1 $14) 22. Nxd5 Nxd5 23. Bxd5 cxd5 24. Rxd5 h5 25. h3 {[%cal Bh2h3,Bh3g4,Bg4g5,Bg5g6][%mdl 32]} ({Inferior is} 25. gxh5 Nb4 $11) 25... Rf7 26. Red1 hxg4 27. hxg4 b6 28. Kf3 Kg8 29. Kf4 Re8 30. Rd8 Kf8 $2 (30... Rxd8 {was necessary.} 31. Rxd8+ Rf8) 31. g5 Nc7 {[#] And now ...Ne6+ would win.} 32. Rxe8+ Kxe8 $2 $18 {[%mdl 4096] Endgame KRB-KRN} (32... Nxe8 33. Rd8 Rc7) 33. g6 Re7 34. Rd2 Nb5 35. Bf2 Rc7 (35... Nc7 {is a better defense.} 36. Rd6 Nb5) 36. Kg5 (36. Kf3 $142) 36... Rc6 $2 {[#]} (36... Rd7 37. Rxd7 Kxd7) 37. Bg3 Rc1 38. Be5 Rg1+ 39. Kf4 Rf1+ 40. Kg4 Rg1+ 41. Kf3 Rf1+ 42. Rf2 Rxf2+ 43. Kxf2 {KB-KN} Kf8 44. Ke3 a5 45. Ke4 Na7 46. Kd5 {White mates.} a4 47. Bd4 Nb5 48. Bxb6 Ke7 49. Ke5 Kf8 50. Bc5+ Kg8 51. Kd5 Nc7+ 52. Kc6 {Precision: White = 76%, Black = 43%.} 1-0